000 00582nam a2200241Ia 4500
005 20260306150833.0
008 008 260114s9999 xx 000 0 eng d
020 _a9783964565570
037 _aEbook
040 _aCRL
040 _beng
040 _cCRL
041 _2eng
041 _aeng
084 _qCRL
245 0 _aDel placer y del esfuerzo de la lectura
260 _bVervuert Verlagsgesellschaft
260 _c2006
650 _aLiterary Studies
856 _uhttps://www.degruyter.com/isbn/9783964565570
942 _cEBOOK
999 _c1700041
_d1700041